[Event "DEM U16w 2017"]
[Site "Willingen GER"]
[Date "2017.06.06"]
[Round "5"]
[White "Voß, Henrike"]
[Black "Mundt, Alexandra"]
[Result "1/2-1/2"]
[Termination "normal"]
[Board "10"]
[WhiteElo "1620"]
[BlackElo "1391"]
[WhiteClock "00:06:54"]
[BlackClock "00:11:39"]
[PlyCount "70"]
[WhiteFideId "12971910"]
[BlackFideId "16217276"]
[EventCountry "GER"]
[EventRounds "9"]
[EventType "swiss"]
[EventDate "2017.06.03"]

1. e4 {[%clk 1:30:56]} 1... e5 {[%clk 1:30:57]} 2. Nf3 {[%clk 1:31:20]} 2...
Nc6 {[%clk 1:31:22]} 3. Bc4 {[%clk 1:31:44]} 3... Bc5 {[%clk 1:31:41]} 4. c3 {
[%clk 1:32:06]} 4... Nf6 {[%clk 1:31:55]} 5. d3 {[%clk 1:32:26]} 5... O-O {
[%clk 1:31:52]} 6. Nbd2 {[%clk 1:26:14]} 6... d5 {[%clk 1:29:09]} 7. exd5 {
[%clk 1:26:25]} 7... Nxd5 {[%clk 1:29:30]} 8. Ne4 {[%clk 1:25:56]} 8... Be7 {
[%clk 1:29:20]} 9. O-O {[%clk 1:24:18]} 9... Bg4 {[%clk 1:25:35]} 10. h3 {
[%clk 1:23:26]} 10... Bh5 {[%clk 1:23:19]} 11. Re1 {[%clk 1:17:44]} 11... Bg6 {
[%clk 1:16:35]} 12. Bb5 {[%clk 1:13:24]} 12... f6 {[%clk 1:05:56]} 13. Nh4 {
[%clk 1:07:55]} 13... Qe8 {[%clk 0:59:04]} 14. Qf3 {[%clk 0:57:19]} 14... Kh8 {
[%clk 0:42:51]} 15. Ng3 {[%clk 0:47:40]} 15... Rd8 {[%clk 0:30:31]} 16. Ngf5 {
[%clk 0:41:10]} 16... Bxf5 {[%clk 0:27:53]} 17. Nxf5 {[%clk 0:41:13]} 17... g6
{[%clk 0:21:17]} 18. Nxe7 {[%clk 0:40:13]} 18... Ndxe7 {[%clk 0:21:33]} 19. Bh6
{[%clk 0:39:36]} 19... a6 {[%clk 0:18:29]} 20. Bxc6 {[%clk 0:38:47]} 20... Nxc6
{[%clk 0:18:47]} 21. Bxf8 {[%clk 0:38:57]} 21... Qxf8 {[%clk 0:19:06]} 22. Rad1
{[%clk 0:36:44]} 22... Kg7 {[%clk 0:18:26]} 23. h4 {[%clk 0:32:03]} 23... Qf7 {
[%clk 0:18:10]} 24. b3 {[%clk 0:30:49]} 24... Rd6 {[%clk 0:16:16]} 25. Re3 {
[%clk 0:25:42]} 25... b6 {[%clk 0:15:16]} 26. Qe2 {[%clk 0:25:27]} 26... Ne7 {
[%clk 0:13:58]} 27. Rh3 {[%clk 0:21:45]} 27... Nd5 {[%clk 0:13:52]} 28. Qc2 {
[%clk 0:20:14]} 28... Nf4 {[%clk 0:13:32]} 29. Rf3 {[%clk 0:19:02]} 29... Qd7 {
[%clk 0:13:06]} 30. d4 {[%clk 0:12:31]} 30... Qg4 {[%clk 0:12:55]} 31. Rg3 {
[%clk 0:11:52]} 31... Ne2+ {[%clk 0:13:05]} 32. Kh2 {[%clk 0:07:43]} 32... Nxg3
{[%clk 0:13:28]} 33. fxg3 {[%clk 0:08:02]} 33... e4 {[%clk 0:11:45]} 34. Re1 {
[%clk 0:07:21]} 34... Re6 {[%clk 0:11:53]} 35. Qe2 {[%clk 0:06:54]} 35... Qxe2
{[%clk 0:11:39]} 1/2-1/2

[Event "DEM U16w 2017"]
[Site "Willingen GER"]
[Date "2017.06.06"]
[Round "5"]
[White "Pietsch, Virginia-Atlanta"]
[Black "Fricke, Edna Marlene"]
[Result "0-1"]
[Termination "normal"]
[Board "12"]
[WhiteElo "1065"]
[BlackElo "1356"]
[WhiteClock "00:00:51"]
[BlackClock "00:33:57"]
[PlyCount "38"]
[WhiteFideId "16235053"]
[BlackFideId "12988839"]
[EventCountry "GER"]
[EventRounds "9"]
[EventType "swiss"]
[EventDate "2017.06.03"]

1. d4 {[%clk 1:30:54]} 1... d5 {[%clk 1:30:48]} 2. c4 {[%clk 1:31:14]} 2... e6
{[%clk 1:30:57]} 3. Nc3 {[%clk 1:31:29]} 3... c5 {[%clk 1:30:55]} 4. e3 { [%clk
1:29:00]} 4... Nf6 {[%clk 1:30:53]} 5. Nf3 {[%clk 1:27:55]} 5... a6 { [%clk
1:30:22]} 6. b3 {[%clk 1:21:52]} 6... Nc6 {[%clk 1:28:15]} 7. Bd3 { [%clk
1:17:00]} 7... dxc4 {[%clk 1:24:03]} 8. bxc4 {[%clk 1:16:31]} 8... cxd4 { [%clk
1:20:59]} 9. Ne4 {[%clk 1:07:35]} 9... Bb4+ {[%clk 1:10:45]} 10. Bd2 { [%clk
0:49:02]} 10... dxe3 {[%clk 1:03:23]} 11. Bxb4 {[%clk 0:48:24]} 11... exf2+
{[%clk 1:00:50]} 12. Nxf2 {[%clk 0:48:44]} 12... Nxb4 {[%clk 1:00:13]} 13. Qa4+
{[%clk 0:49:08]} 13... Nc6 {[%clk 0:56:09]} 14. Ne5 {[%clk 0:46:29]} 14... Bd7
{[%clk 0:53:32]} 15. Nxd7 {[%clk 0:39:41]} 15... Qxd7 {[%clk 0:53:15] } 16.
O-O-O {[%clk 0:23:16]} 16... Qc7 {[%clk 0:39:16]} 17. Ne4 {[%clk 0:08:30] }
17... Nxe4 {[%clk 0:35:15]} 18. Bxe4 {[%clk 0:08:33]} 18... O-O { [%clk
0:33:57]} 19. h4 {[%clk 0:00:51]} 19... Qf4+ 0-1

[Event "DEM U16w 2017"]
[Site "Willingen GER"]
[Date "2017.06.08"]
[Round "7"]
[White "Schulze, Lara"]
[Black "Kobald, Jacqueline"]
[Result "1-0"]
[Termination "normal"]
[Board "1"]
[WhiteTitle "WFM"]
[WhiteElo "2171"]
[BlackElo "1693"]
[WhiteClock "01:03:22"]
[BlackClock "00:21:02"]
[PlyCount "37"]
[WhiteFideId "12956830"]
[BlackFideId "12988162"]
[EventCountry "GER"]
[EventRounds "9"]
[EventType "swiss"]
[EventDate "2017.06.03"]

1. e4 {[%clk 1:30:57]} 1... c5 {[%clk 1:30:54]} 2. Nf3 {[%clk 1:31:23]} 2... e6
{[%clk 1:31:20]} 3. d4 {[%clk 1:31:48]} 3... cxd4 {[%clk 1:31:45]} 4. Nxd4 {
[%clk 1:32:12]} 4... Nc6 {[%clk 1:32:11]} 5. Qd3 {[%clk 1:32:31]} 5... Ne5 {
[%clk 1:17:50]} 6. Qg3 {[%clk 1:29:26]} 6... Ng6 {[%clk 1:13:45]} 7. Nb5 {
[%clk 1:25:04]} 7... d6 {[%clk 1:11:16]} 8. Qc3 {[%clk 1:23:17]} 8... Bd7 {
[%clk 1:00:06]} 9. Nc7+ {[%clk 1:23:04]} 9... Ke7 {[%clk 1:00:31]} 10. Nxa8 {
[%clk 1:23:20]} 10... Qxa8 {[%clk 1:00:36]} 11. Be3 {[%clk 1:16:21]} 11... Nf6
{[%clk 0:57:17]} 12. Nd2 {[%clk 1:15:20]} 12... Ng4 {[%clk 0:42:26]} 13. O-O-O
{[%clk 1:12:59]} 13... Nxe3 {[%clk 0:38:59]} 14. Qxe3 {[%clk 1:13:05]} 14... b5
{[%clk 0:34:23]} 15. Bxb5 {[%clk 1:08:55]} 15... f6 {[%clk 0:28:31]} 16. Bxd7 {
[%clk 1:08:29]} 16... Kxd7 {[%clk 0:27:33]} 17. Nb3 {[%clk 1:06:38]} 17... Ke8
{[%clk 0:22:34]} 18. Nd4 {[%clk 1:05:17]} 18... Kf7 {[%clk 0:21:02]} 19. Nb5 {
[%clk 1:03:22]} 1-0

[Event "DEM U16w 2017"]
[Site "Willingen GER"]
[Date "2017.06.08"]
[Round "7"]
[White "Browning, Rebecca"]
[Black "Poetsch, Leonore"]
[Result "0-1"]
[Termination "normal"]
[Board "2"]
[WhiteElo "1777"]
[BlackElo "1959"]
[WhiteClock "01:14:23"]
[BlackClock "00:23:51"]
[PlyCount "88"]
[WhiteFideId "12984027"]
[BlackFideId "12940372"]
[EventCountry "GER"]
[EventRounds "9"]
[EventType "swiss"]
[EventDate "2017.06.03"]

1. e4 {[%clk 1:30:57]} 1... e6 {[%clk 1:30:54]} 2. Nf3 {[%clk 1:31:23]} 2... d5
{[%clk 1:31:19]} 3. e5 {[%clk 1:31:50]} 3... c5 {[%clk 1:31:44]} 4. b4 { [%clk
1:32:18]} 4... cxb4 {[%clk 1:30:56]} 5. a3 {[%clk 1:32:43]} 5... bxa3 { [%clk
1:31:19]} 6. d4 {[%clk 1:33:08]} 6... Nc6 {[%clk 1:31:36]} 7. c3 { [%clk
1:32:38]} 7... Bd7 {[%clk 1:29:23]} 8. Bd3 {[%clk 1:31:50]} 8... Rc8 { [%clk
1:28:18]} 9. O-O {[%clk 1:31:22]} 9... Nh6 {[%clk 1:26:59]} 10. Bxh6 { [%clk
1:27:10]} 10... gxh6 {[%clk 1:27:25]} 11. Nxa3 {[%clk 1:27:32]} 11... a6 {[%clk
1:23:16]} 12. Nd2 {[%clk 1:18:08]} 12... b5 {[%clk 1:20:36]} 13. Nc2 { [%clk
1:13:53]} 13... Na5 {[%clk 1:18:09]} 14. f4 {[%clk 1:12:36]} 14... Rxc3 { [%clk
1:12:53]} 15. Nb1 {[%clk 1:13:02]} 15... Rc6 {[%clk 1:10:34]} 16. f5 { [%clk
1:06:40]} 16... exf5 {[%clk 1:07:18]} 17. Bxf5 {[%clk 1:06:37]} 17... Bxf5
{[%clk 1:06:15]} 18. Rxf5 {[%clk 1:07:03]} 18... Nc4 {[%clk 1:02:02]} 19. Qh5
{[%clk 1:04:39]} 19... Qc7 {[%clk 0:58:54]} 20. Nc3 {[%clk 1:02:58]} 20... Nb6
{[%clk 0:43:25]} 21. e6 {[%clk 0:57:12]} 21... Rxe6 {[%clk 0:41:18]} 22. Raf1
{[%clk 0:55:35]} 22... Re7 {[%clk 0:38:05]} 23. Nb4 {[%clk 0:54:48]} 23... Qxc3
{[%clk 0:23:23]} 24. Rxf7 {[%clk 0:54:24]} 24... Qxd4+ {[%clk 0:20:18]} 25. Kh1
{[%clk 0:54:44]} 25... Kd7 {[%clk 0:20:34]} 26. Qf5+ {[%clk 0:54:45]} 26... Kc7
{[%clk 0:19:31]} 27. Nxa6+ {[%clk 0:54:51]} 27... Kb7 {[%clk 0:18:01] } 28.
Rxf8 {[%clk 0:54:39]} 28... Kxa6 {[%clk 0:16:51]} 29. Rf6 {[%clk 0:53:44] }
29... Qe5 {[%clk 0:15:05]} 30. Qf2 {[%clk 0:53:52]} 30... d4 {[%clk 0:11:37]}
31. Qa2+ {[%clk 0:54:08]} 31... Kb7 {[%clk 0:11:44]} 32. Qa5 {[%clk 0:54:06]}
32... Qc5 {[%clk 0:10:20]} 33. Ra1 {[%clk 0:52:58]} 33... Na4 {[%clk 0:09:25]}
34. Qa6+ {[%clk 0:52:53]} 34... Kc7 {[%clk 0:09:23]} 35. Rxh6 {[%clk 0:50:20]}
35... Rhe8 {[%clk 0:07:42]} 36. Rf1 {[%clk 0:49:47]} 36... d3 {[%clk 0:06:32]}
37. Qf6 {[%clk 0:48:15]} 37... Re6 {[%clk 0:04:01]} 38. Rxh7+ {[%clk 0:48:21]}
38... Kb6 {[%clk 0:03:48]} 39. Qf4 {[%clk 0:47:57]} 39... Qd6 {[%clk 0:02:33]}
40. Qf3 {[%clk 0:47:20]} 40... R8e7 {[%clk 0:01:35]} 41. Rh5 {[%clk 0:46:46]}
41... Re5 {[%clk 0:28:41]} 42. Qf2+ {[%clk 1:16:26]} 42... Nc5 {[%clk 0:28:27]}
43. Rh4 {[%clk 1:15:10]} 43... Qe6 {[%clk 0:25:47]} 44. Rd4 {[%clk 1:14:23]}
44... Re1 {[%clk 0:23:51]} 0-1

[Event "DEM U16w 2017"]
[Site "Willingen GER"]
[Date "2017.06.08"]
[Round "7"]
[White "Köhler, Inken"]
[Black "Mütsch, Annmarie"]
[Result "1/2-1/2"]
[Termination "normal"]
[Board "3"]
[WhiteElo "1870"]
[BlackElo "2124"]
[WhiteClock "00:12:37"]
[BlackClock "00:02:56"]
[PlyCount "56"]
[WhiteFideId "12929301"]
[BlackFideId "12971367"]
[EventCountry "GER"]
[EventRounds "9"]
[EventType "swiss"]
[EventDate "2017.06.03"]

1. e4 {[%clk 1:30:58]} 1... c5 {[%clk 1:30:56]} 2. Nf3 {[%clk 1:31:22]} 2... d6
{[%clk 1:31:19]} 3. Bb5+ {[%clk 1:30:43]} 3... Nd7 {[%clk 1:31:40]} 4. O-O {
[%clk 1:30:19]} 4... a6 {[%clk 1:32:03]} 5. Bd3 {[%clk 1:29:32]} 5... Ngf6 {
[%clk 1:32:12]} 6. c3 {[%clk 1:29:22]} 6... Ne5 {[%clk 1:31:29]} 7. Nxe5 {
[%clk 1:26:24]} 7... dxe5 {[%clk 1:31:53]} 8. Bc2 {[%clk 1:26:28]} 8... g6 {
[%clk 1:26:31]} 9. d3 {[%clk 1:25:21]} 9... Bg7 {[%clk 1:25:00]} 10. Be3 {
[%clk 1:24:42]} 10... Qc7 {[%clk 1:23:44]} 11. f3 {[%clk 1:23:20]} 11... O-O {
[%clk 1:22:14]} 12. Qe2 {[%clk 1:22:38]} 12... Be6 {[%clk 1:19:19]} 13. Nd2 {
[%clk 1:18:03]} 13... Rac8 {[%clk 1:05:42]} 14. Bb3 {[%clk 1:12:27]} 14... Qc6
{[%clk 0:44:24]} 15. Bxe6 {[%clk 1:07:32]} 15... Qxe6 {[%clk 0:44:48]} 16. Nb3
{[%clk 1:07:49]} 16... Nd7 {[%clk 0:41:56]} 17. Rfd1 {[%clk 1:05:57]} 17...
Rfd8 {[%clk 0:38:27]} 18. Rac1 {[%clk 0:57:14]} 18... h5 {[%clk 0:30:52]} 19.
Qf2 {[%clk 0:53:07]} 19... b6 {[%clk 0:26:40]} 20. d4 {[%clk 0:44:42]} 20...
cxd4 {[%clk 0:26:25]} 21. cxd4 {[%clk 0:45:03]} 21... Rxc1 {[%clk 0:25:01]} 22.
Rxc1 {[%clk 0:45:06]} 22... exd4 {[%clk 0:24:34]} 23. Bxd4 {[%clk 0:44:02]}
23... Ne5 {[%clk 0:19:51]} 24. Qe3 {[%clk 0:17:53]} 24... Rd6 {[%clk 0:12:31]}
25. Qc3 {[%clk 0:12:04]} 25... Rc6 {[%clk 0:11:34]} 26. Qd2 {[%clk 0:12:09]}
26... Rd6 {[%clk 0:05:52]} 27. Qc3 {[%clk 0:12:14]} 27... Rc6 {[%clk 0:05:41]}
28. Qd2 {[%clk 0:12:37]} 28... Rd6 {[%clk 0:02:56]} 1/2-1/2

[Event "DEM U16w 2017"]
[Site "Willingen GER"]
[Date "2017.06.08"]
[Round "7"]
[White "Walow, Xenia"]
[Black "Ratay, Meike"]
[Result "0-1"]
[Termination "normal"]
[Board "4"]
[WhiteElo "1704"]
[BlackElo "1767"]
[WhiteClock "00:49:27"]
[BlackClock "00:26:05"]
[PlyCount "90"]
[WhiteFideId "12971839"]
[BlackFideId "12977608"]
[EventCountry "GER"]
[EventRounds "9"]
[EventType "swiss"]
[EventDate "2017.06.03"]

1. e4 {[%clk 1:30:58]} 1... e5 {[%clk 1:30:53]} 2. Nf3 {[%clk 1:31:22]} 2...
Nc6 {[%clk 1:31:17]} 3. Bb5 {[%clk 1:31:27]} 3... Nge7 {[%clk 1:31:25]} 4. c3 {
[%clk 1:30:39]} 4... g6 {[%clk 1:30:37]} 5. d3 {[%clk 1:30:06]} 5... Bg7 {
[%clk 1:30:26]} 6. O-O {[%clk 1:29:21]} 6... O-O {[%clk 1:29:50]} 7. Nbd2 {
[%clk 1:27:58]} 7... d6 {[%clk 1:28:10]} 8. Re1 {[%clk 1:26:01]} 8... Kh8 {
[%clk 1:26:16]} 9. Nf1 {[%clk 1:24:33]} 9... f5 {[%clk 1:20:43]} 10. Ba4 {
[%clk 1:20:11]} 10... h6 {[%clk 1:05:48]} 11. Bd2 {[%clk 1:14:35]} 11... f4 {
[%clk 0:58:29]} 12. Qe2 {[%clk 1:10:22]} 12... g5 {[%clk 0:56:53]} 13. Kh1 {
[%clk 1:10:10]} 13... Ng6 {[%clk 0:54:11]} 14. Rad1 {[%clk 1:07:17]} 14... g4 {
[%clk 0:47:09]} 15. Ng1 {[%clk 1:07:13]} 15... f3 {[%clk 0:46:22]} 16. gxf3 {
[%clk 1:07:09]} 16... gxf3 {[%clk 0:46:40]} 17. Qe3 {[%clk 1:07:19]} 17... Nh4
{[%clk 0:46:51]} 18. Bc1 {[%clk 1:04:17]} 18... Ng2 {[%clk 0:45:52]} 19. Qd2 {
[%clk 1:04:42]} 19... Nxe1 {[%clk 0:45:50]} 20. Qxe1 {[%clk 1:05:02]} 20... Qh4
{[%clk 0:41:06]} 21. Ng3 {[%clk 1:04:24]} 21... Bh3 {[%clk 0:37:38]} 22. Nxh3 {
[%clk 1:04:31]} 22... Qxh3 {[%clk 0:38:03]} 23. Qf1 {[%clk 1:03:47]} 23...
Qxf1+ {[%clk 0:38:09]} 24. Rxf1 {[%clk 1:04:13]} 24... Ne7 {[%clk 0:37:34]} 25.
Rg1 {[%clk 1:03:05]} 25... Kh7 {[%clk 0:34:41]} 26. Bb3 {[%clk 1:01:03]} 26...
Rf6 {[%clk 0:30:14]} 27. Bd1 {[%clk 0:56:51]} 27... Raf8 {[%clk 0:25:03]} 28.
Be3 {[%clk 0:53:54]} 28... Rg6 {[%clk 0:22:40]} 29. a3 {[%clk 0:51:16]} 29...
b6 {[%clk 0:17:44]} 30. Bc1 {[%clk 0:47:10]} 30... c6 {[%clk 0:15:51]} 31. Be3
{[%clk 0:45:12]} 31... d5 {[%clk 0:14:42]} 32. h3 {[%clk 0:44:21]} 32... c5 {
[%clk 0:11:13]} 33. Bc1 {[%clk 0:43:09]} 33... b5 {[%clk 0:07:12]} 34. Be3 {
[%clk 0:35:18]} 34... d4 {[%clk 0:06:45]} 35. cxd4 {[%clk 0:33:13]} 35... exd4
{[%clk 0:07:00]} 36. Bd2 {[%clk 0:32:06]} 36... Nc6 {[%clk 0:05:07]} 37. b3 {
[%clk 0:28:49]} 37... Ne5 {[%clk 0:04:36]} 38. Bc2 {[%clk 0:28:59]} 38... Bf6 {
[%clk 0:03:45]} 39. Bf4 {[%clk 0:26:58]} 39... Re8 {[%clk 0:01:59]} 40. Rc1 {
[%clk 0:24:57]} 40... Bg5 {[%clk 0:01:40]} 41. Nh5 {[%clk 0:20:41]} 41... Bxf4
{[%clk 0:28:36]} 42. Nxf4 {[%clk 0:51:25]} 42... Ra6 {[%clk 0:27:27]} 43. a4 {
[%clk 0:50:28]} 43... bxa4 {[%clk 0:26:43]} 44. bxa4 {[%clk 0:50:52]} 44... Rb8
{[%clk 0:26:05]} 45. Nd5 {[%clk 0:49:27]} 45... Rb2 0-1

[Event "DEM U16w 2017"]
[Site "Willingen GER"]
[Date "2017.06.08"]
[Round "7"]
[White "Kolb, Verena"]
[Black "Manco, Michela"]
[Result "0-1"]
[Termination "normal"]
[Board "5"]
[WhiteElo "1673"]
[BlackElo "1677"]
[WhiteClock "00:01:23"]
[BlackClock "00:43:24"]
[PlyCount "66"]
[WhiteFideId "12992313"]
[BlackFideId "12943908"]
[EventCountry "GER"]
[EventRounds "9"]
[EventType "swiss"]
[EventDate "2017.06.03"]

1. e4 {[%clk 1:30:58]} 1... e5 {[%clk 1:30:56]} 2. Nf3 {[%clk 1:31:26]} 2...
Nc6 {[%clk 1:31:21]} 3. Bb5 {[%clk 1:31:52]} 3... a6 {[%clk 1:31:43]} 4. Ba4 {
[%clk 1:32:18]} 4... Nf6 {[%clk 1:32:03]} 5. O-O {[%clk 1:32:44]} 5... b5 {
[%clk 1:32:27]} 6. Bb3 {[%clk 1:33:07]} 6... Be7 {[%clk 1:32:50]} 7. Re1 {
[%clk 1:33:28]} 7... d6 {[%clk 1:33:10]} 8. h3 {[%clk 1:33:40]} 8... O-O {
[%clk 1:33:10]} 9. c3 {[%clk 1:34:05]} 9... Na5 {[%clk 1:33:36]} 10. Bc2 {
[%clk 1:33:57]} 10... c5 {[%clk 1:33:58]} 11. d4 {[%clk 1:30:28]} 11... Qc7 {
[%clk 1:33:32]} 12. d5 {[%clk 1:30:33]} 12... h6 {[%clk 1:33:18]} 13. Nbd2 {
[%clk 1:24:28]} 13... c4 {[%clk 1:21:53]} 14. Nf1 {[%clk 1:24:05]} 14... Nb7 {
[%clk 1:19:58]} 15. Bd2 {[%clk 1:23:03]} 15... Nc5 {[%clk 1:20:07]} 16. b4 {
[%clk 1:14:08]} 16... cxb3 {[%clk 1:15:54]} 17. axb3 {[%clk 1:14:00]} 17... a5
{[%clk 1:11:23]} 18. b4 {[%clk 1:10:35]} 18... Nb7 {[%clk 1:10:03]} 19. bxa5 {
[%clk 1:10:04]} 19... Rxa5 {[%clk 1:09:11]} 20. Ng3 {[%clk 0:54:30]} 20... Bd7
{[%clk 1:04:00]} 21. Rxa5 {[%clk 0:36:42]} 21... Nxa5 {[%clk 1:03:30]} 22. Qc1
{[%clk 0:17:22]} 22... Rc8 {[%clk 0:55:26]} 23. Nh4 {[%clk 0:12:03]} 23... Nxd5
{[%clk 0:53:05]} 24. exd5 {[%clk 0:12:17]} 24... Bxh4 {[%clk 0:53:27]} 25. Bxh6
{[%clk 0:08:59]} 25... Qxc3 {[%clk 0:49:40]} 26. Re2 {[%clk 0:05:21]} 26... Nb3
{[%clk 0:45:22]} 27. Qa3 {[%clk 0:01:31]} 27... Nd4 {[%clk 0:43:21]} 28. Qxc3 {
[%clk 0:00:36]} 28... Rxc3 {[%clk 0:43:32]} 29. Re4 {[%clk 0:00:42]} 29... Bxg3
{[%clk 0:42:32]} 30. Rg4 {[%clk 0:00:35]} 30... Bxg4 {[%clk 0:42:47]} 31. hxg4
{[%clk 0:00:56]} 31... Bxf2+ {[%clk 0:42:43]} 32. Kxf2 {[%clk 0:01:14]} 32...
Rxc2+ {[%clk 0:43:09]} 33. Kg3 {[%clk 0:01:23]} 33... gxh6 {[%clk 0:43:24]} 0-1

[Event "DEM U16w 2017"]
[Site "Willingen GER"]
[Date "2017.06.08"]
[Round "7"]
[White "Flach, Helene"]
[Black "Ehmann, Johanna"]
[Result "1/2-1/2"]
[Termination "normal"]
[Board "6"]
[WhiteElo "1870"]
[BlackElo "1777"]
[WhiteClock "00:12:09"]
[BlackClock "00:21:42"]
[PlyCount "50"]
[WhiteFideId "12929735"]
[BlackFideId "12953130"]
[EventCountry "GER"]
[EventRounds "9"]
[EventType "swiss"]
[EventDate "2017.06.03"]

1. e4 {[%clk 1:30:58]} 1... e5 {[%clk 1:30:53]} 2. Nf3 {[%clk 1:31:23]} 2...
Nc6 {[%clk 1:31:17]} 3. Bb5 {[%clk 1:31:24]} 3... a6 {[%clk 1:31:29]} 4. Ba4 {
[%clk 1:31:49]} 4... Nf6 {[%clk 1:31:42]} 5. O-O {[%clk 1:32:10]} 5... Be7 {
[%clk 1:31:56]} 6. d3 {[%clk 1:32:29]} 6... b5 {[%clk 1:31:57]} 7. Bb3 { [%clk
1:32:46]} 7... d6 {[%clk 1:31:52]} 8. c3 {[%clk 1:32:51]} 8... Na5 { [%clk
1:31:42]} 9. Bc2 {[%clk 1:33:05]} 9... c5 {[%clk 1:31:37]} 10. h3 { [%clk
1:30:46]} 10... O-O {[%clk 1:31:20]} 11. d4 {[%clk 1:29:27]} 11... cxd4 { [%clk
1:29:09]} 12. cxd4 {[%clk 1:29:45]} 12... exd4 {[%clk 1:27:59]} 13. Nxd4 {[%clk
1:29:09]} 13... Bb7 {[%clk 1:25:13]} 14. Re1 {[%clk 1:16:38]} 14... Rc8 {[%clk
1:17:17]} 15. Nf5 {[%clk 0:56:48]} 15... Rc7 {[%clk 1:04:08]} 16. Bf4 { [%clk
0:48:52]} 16... Nc4 {[%clk 0:48:57]} 17. b3 {[%clk 0:42:15]} 17... Ne5 { [%clk
0:47:19]} 18. Nd2 {[%clk 0:38:51]} 18... Bc8 {[%clk 0:44:06]} 19. Nxe7+ { [%clk
0:35:05]} 19... Qxe7 {[%clk 0:40:05]} 20. Rc1 {[%clk 0:33:25]} 20... Bb7 {[%clk
0:38:35]} 21. Nf1 {[%clk 0:28:13]} 21... Rfc8 {[%clk 0:35:15]} 22. Ng3 { [%clk
0:27:22]} 22... Rc6 {[%clk 0:31:37]} 23. Bb1 {[%clk 0:20:06]} 23... Rxc1 {[%clk
0:23:59]} 24. Bxc1 {[%clk 0:20:27]} 24... Rd8 {[%clk 0:21:42]} 25. Qe2 { [%clk
0:12:09]} 25... Ng6 1/2-1/2

[Event "DEM U16w 2017"]
[Site "Willingen GER"]
[Date "2017.06.08"]
[Round "7"]
[White "Reitz, Theresa"]
[Black "Nguyen, Ha Thanh"]
[Result "1/2-1/2"]
[Termination "normal"]
[Board "7"]
[WhiteElo "1705"]
[BlackElo "1775"]
[WhiteClock "00:02:21"]
[BlackClock "00:08:34"]
[PlyCount "51"]
[WhiteFideId "12971901"]
[BlackFideId "12942154"]
[EventCountry "GER"]
[EventRounds "9"]
[EventType "swiss"]
[EventDate "2017.06.03"]

1. e4 {[%clk 1:30:56]} 1... c5 {[%clk 1:30:55]} 2. Nc3 {[%clk 1:31:13]} 2...
Nc6 {[%clk 1:31:08]} 3. Bb5 {[%clk 1:31:32]} 3... g6 {[%clk 1:31:29]} 4. Bxc6 {
[%clk 1:31:50]} 4... bxc6 {[%clk 1:31:43]} 5. d3 {[%clk 1:32:06]} 5... Bg7 {
[%clk 1:30:54]} 6. f4 6... d6 {[%clk 1:29:14]} 7. Nf3 {[%clk 1:31:35]} 7... e6
{[%clk 1:27:43]} 8. O-O {[%clk 1:28:56]} 8... Ne7 {[%clk 1:27:23]} 9. Qe1 {
[%clk 1:23:33]} 9... O-O {[%clk 1:25:47]} 10. e5 {[%clk 1:11:12]} 10... Nf5 {
[%clk 1:14:24]} 11. Ne4 {[%clk 1:04:35]} 11... d5 {[%clk 1:02:15]} 12. Nxc5 {
[%clk 0:57:53]} 12... Rb8 {[%clk 0:50:15]} 13. d4 {[%clk 0:48:48]} 13... Re8 {
[%clk 0:31:39]} 14. b3 {[%clk 0:30:40]} 14... Bf8 {[%clk 0:29:36]} 15. Qc3
15... Be7 {[%clk 0:21:13]} 16. Ne1 {[%clk 0:16:42]} 16... h5 {[%clk 0:18:48]}
17. Ned3 {[%clk 0:11:50]} 17... Kg7 {[%clk 0:18:02]} 18. g3 {[%clk 0:10:27]}
18... Rh8 {[%clk 0:17:31]} 19. Ba3 {[%clk 0:08:41]} 19... Bd7 {[%clk 0:12:10]}
20. Nxd7 {[%clk 0:07:27]} 20... Qxd7 {[%clk 0:12:32]} 21. Bxe7 {[%clk 0:05:16]}
21... Nxe7 {[%clk 0:12:44]} 22. Nc5 {[%clk 0:05:39]} 22... Qe8 {[%clk 0:11:58]}
23. Kg2 {[%clk 0:04:29]} 23... Nf5 {[%clk 0:11:51]} 24. h3 {[%clk 0:02:32]}
24... Rc8 {[%clk 0:09:20]} 25. Qd3 {[%clk 0:02:42]} 25... Qd8 {[%clk 0:08:34]}
26. Rac1 {[%clk 0:02:21]} 1/2-1/2

[Event "DEM U16w 2017"]
[Site "Willingen GER"]
[Date "2017.06.08"]
[Round "7"]
[White "Reinecke, Katharina"]
[Black "Mönster, Madita"]
[Result "1/2-1/2"]
[Termination "normal"]
[Board "9"]
[WhiteElo "1911"]
[BlackElo "1762"]
[WhiteClock "00:17:01"]
[BlackClock "00:18:47"]
[PlyCount "45"]
[WhiteFideId "12929727"]
[BlackFideId "12947156"]
[EventCountry "GER"]
[EventRounds "9"]
[EventType "swiss"]
[EventDate "2017.06.03"]

1. d4 {[%clk 1:30:59]} 1... d5 {[%clk 1:30:52]} 2. c4 {[%clk 1:31:22]} 2... e6
{[%clk 1:31:02]} 3. Nf3 {[%clk 1:31:42]} 3... Nf6 {[%clk 1:30:59]} 4. g3 {
[%clk 1:32:05]} 4... Bb4+ {[%clk 1:31:11]} 5. Bd2 {[%clk 1:32:11]} 5... Bd6 {
[%clk 1:31:23]} 6. Nc3 {[%clk 1:27:02]} 6... c6 {[%clk 1:29:56]} 7. Bg5 { [%clk
1:24:23]} 7... h6 {[%clk 1:28:09]} 8. Bc1 {[%clk 1:22:56]} 8... O-O { [%clk
1:27:18]} 9. Bg2 {[%clk 1:19:05]} 9... Nbd7 {[%clk 1:23:24]} 10. O-O { [%clk
1:18:41]} 10... dxc4 {[%clk 1:16:57]} 11. e4 {[%clk 1:12:21]} 11... e5 { [%clk
1:14:15]} 12. Qe2 {[%clk 1:08:52]} 12... b5 {[%clk 0:56:22]} 13. a4 { [%clk
0:55:50]} 13... Qb6 {[%clk 0:52:09]} 14. dxe5 {[%clk 0:43:29]} 14... Nxe5
{[%clk 0:49:39]} 15. Nxe5 {[%clk 0:42:21]} 15... Bxe5 {[%clk 0:49:42]} 16. Be3
{[%clk 0:41:44]} 16... Qb8 {[%clk 0:44:20]} 17. f4 {[%clk 0:39:05]} 17... Bxc3
{[%clk 0:43:23]} 18. bxc3 {[%clk 0:39:25]} 18... Bb7 {[%clk 0:40:48]} 19. Rfd1
{[%clk 0:32:18]} 19... Qc7 {[%clk 0:31:51]} 20. Bd4 {[%clk 0:30:17]} 20... Qe7
{[%clk 0:20:03]} 21. Be5 {[%clk 0:23:23]} 21... Rfd8 {[%clk 0:19:29]} 22. Rxd8+
{[%clk 0:18:50]} 22... Rxd8 {[%clk 0:18:47]} 23. Rd1 {[%clk 0:17:01]} 1/2-1/2